Una interpretación crítica de la integración Latinoamericana /
Bewaard in:
| Hoofdauteur: | |
|---|---|
| Formaat: | Texto |
| Tags: |
Voeg label toe
Geen labels, Wees de eerste die dit record labelt!
|
MARC
| LEADER | 00000 a a2200000 04500 | ||
|---|---|---|---|
| 001 | 3255 | ||
| 003 | |||
| 040 | |||
| 100 | |a Behar, Jaime | ||
| 245 | |a Una interpretación crítica de la integración Latinoamericana / |c Jaime Behar | ||
| 773 | |g volumen 30, número 5; páginas 423-432 | ||
| 999 | |c 22578 |d 22578 | ||
